Adele - 30 (Tracks) - Statistics

General Stats
  • This quiz has been taken 14 times
  • The average score is 10 of 12
Answer Stats
Track Number Track Name % Correct
2 Easy on Me
100%
7 I Drink Wine
100%
3 My Little Love
100%
8 All Night Parking
90%
4 Cry Your Heart Out
90%
12 Love is a Game
90%
6 Can I Get It
80%
10 Hold On
80%
1 Strangers by Nature
80%
5 Oh My God
70%
11 To Be Loved
70%
9 Woman Like Me
70%
No matching quizzes found
Score Distribution
Percent of People with Each Score
Percentile by Number Answered
Your Score History
You have not taken this quiz